书目信息 |
| 题名: |
近代无机化合物合成
|
|
| 作者: | 刘德信 编著 | |
| 分册: | ||
| 出版信息: | 南京 南京大学出版社 1990.01 |
|
| 页数: | 448页 | |
| 开本: | 21cm | |
| 丛书名: | ||
| 单 册: | ||
| 中图分类: | O611.4 | |
| 科图分类: | ||
| 主题词: | 无机化学 | |
| 电子资源: | ||
| ISBN: | 7-305-00437-5 | |
| 000 | 00559nam0 2200193 45 | |
| 001 | 0405241697 | |
| 005 | 20040914093203.9 | |
| 010 | @a7-305-00437-5@dCNY7.15 | |
| 100 | @a20040524d1990 km y0chiy0120 ea | |
| 101 | 0 | @achi |
| 105 | @a z 000yy | |
| 200 | 1 | @a近代无机化合物合成@AJin Dai Wu Ji Hua He Wu He Cheng@f刘德信等编著@FLiu De Xin Deng Bian Zhu |
| 210 | @a南京@c南京大学出版社@d1990.01 | |
| 215 | @a448页@d21cm | |
| 606 | 0 | @a无机化学 |
| 690 | @aO611.4@v3 | |
| 701 | 0 | @a刘德信@4编著 |
| 801 | @aCN@bPftUser@c20040524 | |
| 905 | @dO611.4@e15@b240851@f1 | |
| 近代无机化合物合成/刘德信等编著.-南京:南京大学出版社,1990.01 |
| 448页;21cm |
| ISBN 7-305-00437-5:CNY7.15 |
| ● |
| 相关链接 |
|
|
|
|
正题名:近代无机化合物合成
索取号:O611.4/15
 
预约/预借
| 序号 | 登录号 | 条形码 | 馆藏地/架位号 | 状态 | 备注 |
| 1 | 0240850 | 000349670 | 第三借阅区/ [索取号:O611.4/15] | 在馆 | |
| 2 | 0240851 | 001956217 | 第三借阅区/ [索取号:O611.4/15] | 在馆 | |
| 3 | 0240852 | 000349689 | 第二样本阅览室/ [索取号:O611.4/15] | 在馆 |